| 000 | 00861cam a2200253 a 4500 | ||
|---|---|---|---|
| 001 | 15727760 | ||
| 003 | OSt | ||
| 005 | 20160405151303.0 | ||
| 008 | 090507s2010 ohua 000 0 eng | ||
| 010 | _a 2009928123 | ||
| 020 | _a9781439078228 | ||
| 040 |
_aLCC _cDLC |
||
| 050 | 0 | 0 |
_aHB 172.5 _b.T39 2010 |
| 100 | 1 | _aTaylor, John B. | |
| 245 | 1 | 0 |
_aPrinciples of macroeconomics : _bglobal financial crisis edition / _cJohn B Taylor, Akila Weerapana. |
| 250 | _a6th ed., Global Financial Crisis ed. | ||
| 260 |
_aMason, OH : _bSouth-Western Cengage Learning, _cc2010. |
||
| 300 |
_a1 v. (various pagings) : _bill. (chiefly col.) ; _c26 cm. |
||
| 650 | 0 | _aMacroeconomics. | |
| 700 | 1 | _aWeerapana, Akila. | |
| 906 |
_a7 _bcbc _corignew _d2 _eepcn _f20 _gy-gencatlg |
||
| 942 |
_2lcc _cGEN |
||
| 999 |
_c12165 _d12165 |
||